000 00636nam a2200253Ia 4500
008 170711s9999 xx 000 0 und d
020 _a9814040606
050 _a302.2
050 _bB576 [1998]
100 _aBiagi, Shirley
245 _aMedia impact :
245 _ban introduction to mass media /
245 _cby Shirley Biagi.
250 _aForth edition.
260 _aPhilippines :
260 _bWadsworth,
260 _c1998
300 _axxvii, 428 pages :
300 _billustrations ;
300 _c24cm.
500 _aIncludes end notes, glossary and index.
650 _aMass media.
700 _aTitle.
999 _c339839
_d339839